000 01554nam a2200325 a 4500
003 DO-SdBNP
005 20260317110808.0
007 ta
008 220421e2018 dr ad||f |||| 00| 0 spa d
040 _aDO-SdBNP
_bspa
_cBNPHU
_erda
041 _aspa
082 4 _axxx
_bE82m
_222
245 1 0 _aEstudio del mercado laboral en el municipio de Santiago:
_bnecesidades de capacitación técnica y habilidades sociales /
_cCoordinación y supervisión, Kerim Fahara, Natalia Díaz Nieto; Editor, Piero Espinal Estévez; Diagramador, Juan José Vásquez
264 1 _aSantiago de los Caballeros, República Dominicana :
_bPRO-FyE,
_c2018.
300 _a23, [69] páginas :
_bilustraciones, gráficos ;
_c22 cm.
336 _atexto
_btxt
_2rdacontent
337 _asin mediación
_bn
_2rdamedia
338 _avolumen
_bnc
_2rdacarrier
590 _aInventariado 2022 / MF
650 7 _aMercado de trabajo
_zRepública Dominicana, Santiago de los Caballeros
_2LIBRUNAM
_919058
650 7 _aMercado de trabajo
_vHabilidades Sociales-Enseñanza
_zSantiago de los Caballeros, República Dominicana,
_2LIBRUNAM
_919058
650 4 _aEncuesta Laboral
_zSantiago de los Caballeros, República Dominicana,
_958064
700 1 _aFahara, Kerim,
_ecoordinador
_4coord.
_981485
700 1 _aDíaz Nieto, Natalia,
_ecoordinador
_4coord.
_981486
700 1 _aEspinal Estévez, Piero,
_eeditor
_4ed.
_975097
700 1 _aVásquez, Juan José,
_ediagramador
_4diagr.
_978048
710 2 _aPrograma de formación y Empleo (PRO-EyE)
_981487
910 _aMFeliz
942 _2ddc
_cLF2
999 _c51561
_d51561